| 000 | 00685cam a22002051 4500 | ||
|---|---|---|---|
| 003 | NUST | ||
| 005 | 20240626094410.0 | ||
| 082 |
_a526.9 _bDAV |
||
| 100 | 1 |
_aDavis, Raymond Earl, _939624 |
|
| 245 | 0 | 0 |
_aSurveying theory and practice, _cby Raymond E. Davis and Francis S. Foote. |
| 250 | _a3d ed. | ||
| 260 |
_aNew York, _aLondon, _bMcGraw-Hill book company, inc., _c1940. |
||
| 300 |
_axxvii, 1032 p. incl. illus., tables. maps (1 double) diagrs. (1 double) _c20 cm. |
||
| 500 | _a"References" at end of most of the chapters. | ||
| 526 |
_a0 _b0 _c0 _d526_900000000000000_DAV |
||
| 650 | 0 |
_aMCE _9379 |
|
| 650 | 0 | _aSurveying. | |
| 700 | 1 |
_aFoote, Francis S. _939625 |
|
| 942 |
_2ddc _cBK |
||
| 999 |
_c544191 _d544191 |
||